Musical acoustics (Record no. 2508)
[ view plain ]
| 000 -LEADER | |
|---|---|
| fixed length control field | 00512nam a22001457a 4500 |
| 005 - DATE AND TIME OF LATEST TRANSACTION | |
| control field | 20090811104622.0 |
| 008 - FIXED-LENGTH DATA ELEMENTS--GENERAL INFORMATION | |
| fixed length control field | 090811t xxu||||| |||| 00| 0 eng d |
| 080 ## - UNIVERSAL DECIMAL CLASSIFICATION NUMBER | |
| Universal Decimal Classification number | 534.3 |
| Item number | ROS |
| 100 ## - MAIN ENTRY--PERSONAL NAME | |
| Personal name | Rossing Thomas, D. [ed.] |
| Role | ed.by |
| 245 ## - TITLE STATEMENT | |
| Title | Musical acoustics : |
| Remainder of title | selected reprints |
| 300 ## - PHYSICAL DESCRIPTION | |
| Extent | 227p. |
| 942 ## - ADDED ENTRY ELEMENTS (KOHA) | |
| item type | Books |
| 260 ## - PUBLICATION, DISTRIBUTION, ETC. (IMPRINT) | |
| Place of publication, distribution, etc | College Park |
| Name of publisher, distributor, etc | American Association of Physics Teachers |
| Date of publication, distribution, etc | 1988 |
| 260 ## - PUBLICATION, DISTRIBUTION, ETC. (IMPRINT) | |
| -- | 2228 |
| Lost status | Source of classification or shelving scheme | Not for loan | Home library | Current library | Date acquired | Total Checkouts | Full call number | Barcode | Date last seen | Date checked out | Price effective from | Koha item type |
|---|---|---|---|---|---|---|---|---|---|---|---|---|
| Universal Decimal Classification | University Library | University Library | 11/08/2009 | 1 | 534.3 ROS | G0004752 | 24/11/2019 | 17/09/2019 | 11/08/2009 | Books |
